000 00536nam a22001937a 4500
005 20250401145541.0
008 240322b mx |||||||| |||| 00| 0 spa d
020 _a9789706412430
020 _a9706412433
050 0 4 _aPC4112
_bM37 1999
100 1 _aMarín, Emilio
245 1 0 _aGramática española
_c/ Emilio Marín.
250 _a40a ed.
260 _aMéxico :
_bEditorial Progreso,
_c1999
300 _a336 p. :
_bil. ;
_c19 cm.
500 _aBibliografía
650 7 _2lemb
_aEspañol
_xGramatica
942 _2lcc
_cLIB
999 _c171659
_d171657